[Event "FRA-ch U16 Girls"]
[Site "Agen"]
[Date "2024.04.16"]
[Round "4"]
[White "Bat, Anu"]
[Black "Sumarriva Paulin, Jade"]
[Result "1-0"]
[WhiteElo "1887"]
[BlackElo "1780"]
[PlyCount "45"]
[EventDate "2024.04.14"]
[EventType "swiss"]
[EventRounds "9"]
[EventCountry "FRA"]
[SourceTitle "EXT 2025"]
[Source "ChessBase"]
[SourceDate "2024.10.14"]
[SourceVersion "1"]
[SourceVersionDate "2024.10.14"]
[SourceQuality "1"]

1. e4 e5 2. Nf3 Nc6 3. d4 exd4 4. Nxd4 Bc5 5. Nb3 Bb6 6. Nc3 Nf6 7. Qe2 d6 8. Be3 Qe7 9. 0-0-0 Be6 10. g3 0-0-0 11. Bg2 Ne5 12. Bxb6 Bc4 13. Qd2 axb6 14. f4 Nc6 15. Nd4 Nxd4 16. Qxd4 Be6 17. e5 Nd7 18. exd6 cxd6 19. Nb5 d5 20. f5 Bxf5 21. Qf4 Nf6 22. Qxf5+ Kb8 23. Qf4+ 1-0

[Event "FRA-ch U14 Girls"]
[Site "Agen"]
[Date "2022.04.24"]
[Round "9"]
[White "Sumarriva Paulin, Jade"]
[Black "Paralieu, Emma1"]
[Result "1/2-1/2"]
[WhiteElo "1529"]
[BlackElo "1441"]
[PlyCount "77"]
[EventDate "2022.04.16"]
[EventType "swiss"]
[EventRounds "9"]
[EventCountry "FRA"]
[SourceTitle "EXT 2023"]
[Source "ChessBase"]
[SourceDate "2022.10.05"]
[SourceVersion "1"]
[SourceVersionDate "2022.10.05"]
[SourceQuality "1"]

1. e4 e5 2. Nf3 Nc6 3. Bc4 Nf6 4. d3 Be7 5. Nc3 d6 6. h3 0-0 7. 0-0 h6 8. Re1 Na5 9. Bb3 Nxb3 10. axb3 Nh7 11. d4 exd4 12. Qxd4 Ng5 13. Nxg5 Bxg5 14. Bxg5 Qxg5 15. Re3 Bd7 16. Nd5 c5 17. Qc3 Kh8 18. f4 Qd8 19. Rg3 Rg8 20. b4 cxb4 21. Qxb4 Bc6 22. Rd1 a5 23. Qd4 Bxd5 24. Qxd5 Qb6+ 25. Qd4 Qxd4+ 26. Rxd4 Rac8 27. Rxd6 Rxc2 28. Rb3 Rc7 29. Rdb6 Rb8 30. Kf2 Kh7 31. Ke3 Re7 32. R3b5 Rbe8 33. e5 f6 34. Rxb7 Rxb7 35. Rxb7 fxe5 36. Rb3 exf4+ 37. Kxf4 Re2 38. Kf3 Rd2 39. Ra3 1/2-1/2

[Event "FRA-ch U14 Girls"]
[Site "Agen"]
[Date "2022.04.23"]
[Round "8"]
[White "Fesigny, Oceane"]
[Black "Sumarriva Paulin, Jade"]
[Result "1/2-1/2"]
[WhiteElo "1606"]
[BlackElo "1529"]
[PlyCount "106"]
[EventDate "2022.04.16"]
[EventType "swiss"]
[EventRounds "9"]
[EventCountry "FRA"]
[SourceTitle "EXT 2023"]
[Source "ChessBase"]
[SourceDate "2022.10.05"]
[SourceVersion "1"]
[SourceVersionDate "2022.10.05"]
[SourceQuality "1"]

1. e4 e5 2. Nf3 Nc6 3. Bc4 Bc5 4. d3 h6 5. c3 Nf6 6. Nbd2 d6 7. 0-0 0-0 8. Re1 Be6 9. Bb3 Qd7 10. Nf1 Ne7 11. Ng3 Ng6 12. Bc2 Rfe8 13. h3 c6 14. d4 exd4 15. cxd4 Bb4 16. Bd2 Bxd2 17. Qxd2 Nf8 18. Qb4 Qc7 19. Rac1 d5 20. e5 N6d7 21. Nf5 Nb6 22. b3 Bxf5 23. Bxf5 Qe7 24. Qd2 Ne6 25. Nh2 Qg5 26. Qxg5 Nxg5 27. f4 Ne6 28. Bxe6 fxe6 29. Ng4 Rf8 30. Rf1 Nc8 31. Ne3 Ne7 32. Rf2 Rf7 33. Rcf1 Raf8 34. Kh2 g6 35. Ng4 Kg7 36. Nf6 Ng8 37. Nxg8 Kxg8 38. g4 Kg7 39. Kg3 h5 40. Kh4 Kh6 41. Kg3 Kh7 42. Kh4 Kh6 43. Kg3 Kh7 44. f5 gxf5 45. gxf5 Rxf5 46. Rxf5 Rxf5 47. Rxf5 exf5 48. Kf4 Kg6 49. e6 Kf6 50. e7 Kxe7 51. Kxf5 Kf7 52. Kg5 a5 53. a3 b5 1/2-1/2

[Event "FRA-ch U14 Girls"]
[Site "Agen"]
[Date "2022.04.22"]
[Round "7"]
[White "Arzur, Maia"]
[Black "Sumarriva Paulin, Jade"]
[Result "1/2-1/2"]
[WhiteElo "1855"]
[BlackElo "1529"]
[PlyCount "110"]
[EventDate "2022.04.16"]
[EventType "swiss"]
[EventRounds "9"]
[EventCountry "FRA"]
[SourceTitle "EXT 2023"]
[Source "ChessBase"]
[SourceDate "2022.10.05"]
[SourceVersion "1"]
[SourceVersionDate "2022.10.05"]
[SourceQuality "1"]

1. e4 e5 2. Nf3 Nc6 3. Bc4 Bc5 4. c3 Nf6 5. d3 h6 6. Nbd2 d6 7. 0-0 Be6 8. Bb3 0-0 9. Re1 Re8 10. Bxe6 Rxe6 11. Nf1 d5 12. Qc2 dxe4 13. dxe4 Qe8 14. Be3 Bb6 15. Bxb6 axb6 16. Ne3 Ne7 17. b3 Qc6 18. Nf5 Re8 19. Ng3 Ng6 20. h4 Nf4 21. Rad1 Rd6 22. a4 Rxd1 23. Rxd1 b5 24. axb5 Qxb5 25. c4 Qc6 26. b4 Qb6 27. Qd2 Qe6 28. c5 Qg4 29. Qe1 Ng6 30. Ra1 Nxh4 31. Nxh4 Qxh4 32. Ra7 Rb8 33. c6 bxc6 34. Rxc7 Rb6 35. Qc3 Nxe4 36. Qxe5 Nxg3 37. fxg3 Qf6 38. Qe8+ Kh7 39. Rxf7 Qg6 40. Rf8 Qxe8 41. Rxe8 Rxb4 42. Rc8 Rc4 43. Kf2 Rc2+ 44. Kf3 c5 45. Rc6 c4 46. Kg4 c3 47. Kh3 Rc1 48. g4 c2 49. Kg3 g6 50. Kf2 Kg7 51. g5 hxg5 52. Kg3 Kh6 53. Kg4 Kg7 54. Kxg5 Kf7 55. g4 Ra1 1/2-1/2

[Event "FRA-ch U14 Girls"]
[Site "Agen"]
[Date "2022.04.21"]
[Round "6"]
[White "Sumarriva Paulin, Jade"]
[Black "Ouelbani, Ghizelene"]
[Result "1/2-1/2"]
[WhiteElo "1529"]
[BlackElo "1374"]
[PlyCount "101"]
[EventDate "2022.04.16"]
[EventType "swiss"]
[EventRounds "9"]
[EventCountry "FRA"]
[SourceTitle "EXT 2023"]
[Source "ChessBase"]
[SourceDate "2022.10.05"]
[SourceVersion "1"]
[SourceVersionDate "2022.10.05"]
[SourceQuality "1"]

1. e4 e5 2. Nf3 Nc6 3. Bc4 Nf6 4. d3 d5 5. exd5 Nxd5 6. Nc3 Be6 7. Bb3 Bc5 8. 0-0 0-0 9. Re1 h6 10. Ne4 Bb6 11. Bd2 a5 12. a3 Re8 13. h3 a4 14. Ba2 Nf6 15. Bxe6 Rxe6 16. Bc3 Nd5 17. Ng3 Nxc3 18. bxc3 Ba5 19. Qd2 Qe7 20. Re4 b5 21. Qe1 Re8 22. Ra2 Qc5 23. Ne2 Qd5 24. Qb1 Rb8 25. Rb2 Qc5 26. c4 b4 27. axb4 Rxb4 28. Rxb4 Bxb4 29. Nc1 f6 30. Qa2 f5 31. Re2 e4 32. Qxa4 Qe7 33. dxe4 fxe4 34. Ne1 e3 35. fxe3 Rxe3 36. Qa8+ Kh7 37. Qxc6 Rxe2 38. Nxe2 Qxe2 39. Nd3 Bd6 40. Qf3 Qxc2 41. Qe4+ Kh8 42. Qe8+ Kh7 43. Qe4+ g6 44. Kf1 Qb1+ 45. Ke2 Qc2+ 46. Kf3 Qd1+ 47. Qe2 Qa4 48. Qe6 Qc6+ 49. Qe4 Qd7 50. Qd5 Qe7 51. Qe4 1/2-1/2

[Event "FRA-ch U14 Girls"]
[Site "Agen"]
[Date "2022.04.18"]
[Round "3"]
[White "Delmouly, Manon"]
[Black "Sumarriva Paulin, Jade"]
[Result "0-1"]
[WhiteElo "1368"]
[BlackElo "1529"]
[PlyCount "120"]
[EventDate "2022.04.16"]
[EventType "swiss"]
[EventRounds "9"]
[EventCountry "FRA"]
[SourceTitle "EXT 2023"]
[Source "ChessBase"]
[SourceDate "2022.10.05"]
[SourceVersion "1"]
[SourceVersionDate "2022.10.05"]
[SourceQuality "1"]

1. d4 d5 2. Bg5 Nd7 3. e3 Ngf6 4. c4 e6 5. Nc3 Be7 6. Nf3 b6 7. cxd5 exd5 8. Rc1 Bb7 9. Bd3 0-0 10. 0-0 Re8 11. Qb3 c6 12. h3 Nh5 13. Bxe7 Rxe7 14. Nh4 Re6 15. Nf3 Nhf6 16. Ne2 Ne4 17. Nc3 Ndf6 18. Qc2 Nxc3 19. Qxc3 Ne4 20. Qc2 Bc8 21. Ne5 Bd7 22. Be2 Rh6 23. Bf3 Ng5 24. Bg4 Bxg4 25. Nxg4 Rd6 26. Ne5 Rc8 27. Qf5 f6 28. Nf3 Nxf3+ 29. Qxf3 Qd7 30. Rc2 f5 31. Rfc1 Rg6 32. b4 b5 33. Ra1 Rf8 34. Qf4 Qe7 35. Rb2 Rh6 36. a4 a6 37. axb5 axb5 38. Ra6 Qb7 39. Rba2 Qe7 40. Ra7 Qxb4 41. Qe5 Rhf6 42. Qg3 R6f7 43. Rxf7 Rxf7 44. Ra8+ Rf8 45. Ra7 Rf7 46. Rxf7 Kxf7 47. Qc7+ Kf6 48. Qxc6+ Kg5 49. Qxd5 Qe1+ 50. Kh2 Qxf2 51. Qxb5 Qxe3 52. Qe5 Qxe5+ 53. dxe5 f4 54. e6 Kf6 55. e7 Kxe7 56. h4 Kf6 57. g3 Kf5 58. gxf4 Kxf4 59. Kh3 h5 60. Kg2 Kg4 0-1

[Event "Trophee Roza Lallemand Online"]
[Site "Tornelo INT"]
[Date "2020.12.13"]
[Round "8"]
[White "Barrast, Catherine"]
[Black "Sumarriva Paulin, Jade"]
[Result "0-1"]
[WhiteElo "1414"]
[BlackElo "1350"]
[PlyCount "54"]
[EventDate "2020.12.13"]
[EventType "swiss (rapid)"]
[EventRounds "9"]
[EventCountry "USA"]
[SourceTitle "EXT 2022"]
[Source "ChessBase"]
[SourceDate "2021.10.06"]
[SourceVersion "1"]
[SourceVersionDate "2021.10.06"]
[SourceQuality "1"]

1. e4 e5 2. Nf3 Nc6 3. d4 exd4 4. Nxd4 Bc5 5. Be3 Bb6 6. c4 d6 7. Nc3 Nf6 8. Be2 0-0 9. 0-0 Re8 10. Qd3 Qe7 11. Bf3 Ne5 12. Qc2 Nxc4 13. Nf5 Bxf5 14. exf5 Nxe3 15. fxe3 Bxe3+ 16. Kh1 Qd7 17. Rae1 Re5 18. Bxb7 Rae8 19. Ne2 Bc5 20. b4 Bxb4 21. Bc6 Qe7 22. Bxe8 Bxe1 23. Bxf7+ Qxf7 24. Qb3 Qxb3 25. axb3 Rxe2 26. h3 Bg3 27. Kg1 Ne4 0-1

[Event "Trophee Roza Lallemand Online"]
[Site "Tornelo INT"]
[Date "2020.12.13"]
[Round "4"]
[White "Courjal, Pauline"]
[Black "Sumarriva Paulin, Jade"]
[Result "1-0"]
[WhiteElo "1855"]
[BlackElo "1350"]
[PlyCount "73"]
[EventDate "2020.12.13"]
[EventType "swiss (rapid)"]
[EventRounds "9"]
[EventCountry "USA"]
[SourceTitle "EXT 2022"]
[Source "ChessBase"]
[SourceDate "2021.10.06"]
[SourceVersion "1"]
[SourceVersionDate "2021.10.06"]
[SourceQuality "1"]

1. e4 e5 2. Nf3 Nc6 3. Bc4 Bc5 4. d3 Nf6 5. 0-0 d6 6. c3 Bg4 7. Re1 0-0 8. Nbd2 Re8 9. Nf1 d5 10. exd5 Nxd5 11. Ng3 Nb6 12. Bb3 h6 13. h3 Bd7 14. Ne4 Bd6 15. Be3 Qe7 16. Qd2 Be6 17. d4 Bxb3 18. axb3 Qd7 19. Bxh6 Qf5 20. Qg5 Qxg5 21. Bxg5 exd4 22. Nxd6 cxd6 23. Nxd4 Nxd4 24. cxd4 Nd5 25. Kh2 Rec8 26. Rac1 Rd8 27. Bxd8 Rxd8 28. Kg3 Nb4 29. Rc7 Rb8 30. Ree7 Nd5 31. Rxb7 Rc8 32. Rxf7 g6 33. Rg7+ Kh8 34. Rh7+ Kg8 35. Rbg7+ Kf8 36. Rxa7 Ke8 37. Rh8# 1-0

[Event "Trophee Roza Lallemand Online"]
[Site "Tornelo INT"]
[Date "2020.12.13"]
[Round "7"]
[White "Sumarriva Paulin, Jade"]
[Black "Langer, Karele"]
[Result "0-1"]
[WhiteElo "1350"]
[BlackElo "1323"]
[PlyCount "74"]
[EventDate "2020.12.13"]
[EventType "swiss (rapid)"]
[EventRounds "9"]
[EventCountry "USA"]
[SourceTitle "EXT 2022"]
[Source "ChessBase"]
[SourceDate "2021.10.06"]
[SourceVersion "1"]
[SourceVersionDate "2021.10.06"]
[SourceQuality "1"]

1. e4 c5 2. Nf3 e6 3. d4 cxd4 4. Nxd4 Nf6 5. Nc3 Nc6 6. Bc4 d6 7. 0-0 Be7 8. Re1 0-0 9. b3 Bd7 10. Bb2 Nxd4 11. Qxd4 Bc6 12. Rad1 Rc8 13. Qe3 a6 14. a4 b5 15. axb5 axb5 16. Nxb5 Bxb5 17. Bxb5 Rxc2 18. Re2 Rc5 19. Bc4 Qc7 20. Bd4 Rh5 21. Red2 d5 22. exd5 Qxh2+ 23. Kf1 Qh1+ 24. Ke2 Qxg2 25. dxe6 Qg4+ 26. Kd3 Rh3 27. exf7+ Kh8 28. Kc2 Rxe3 29. Bxe3 Qf5+ 30. Kc1 Rxf7 31. Bxf7 h6 32. Bc4 Qa5 33. Rb2 Qc3+ 34. Rc2 Ba3+ 35. Kb1 Qe5 36. Rd5 Nxd5 37. Bxd5 Qxd5 0-1

[Event "FRA-ch U12 Girls"]
[Site "Hyeres"]
[Date "2019.04.15"]
[Round "2"]
[White "Bousmaha, Leila"]
[Black "Sumarriva Paulin, Jade"]
[Result "1-0"]
[WhiteElo "1616"]
[BlackElo "1312"]
[PlyCount "57"]
[EventDate "2019.04.14"]
[EventType "swiss"]
[EventRounds "9"]
[EventCountry "FRA"]
[SourceTitle "CBM 190 Extra"]
[Source "ChessBase"]
[SourceDate "2019.07.15"]
[SourceVersion "1"]
[SourceVersionDate "2019.07.15"]
[SourceQuality "1"]

1. e4 e5 2. Nf3 Nc6 3. Nc3 Nf6 4. d4 exd4 5. Nxd4 Bc5 6. Be3 Bb4 7. Nxc6 bxc6 8. Bg5 Bxc3+ 9. bxc3 d6 10. Qd4 Qe7 11. Bd3 Qe6 12. 0-0 c5 13. Qe3 0-0 14. f4 Bb7 15. Bxf6 Qxf6 16. e5 Qe6 17. Rae1 Rfe8 18. Qg3 Qxa2 19. c4 Qa4 20. Qh3 h6 21. Qf5 g6 22. Qf6 Re6 23. Qh4 Kg7 24. f5 Ree8 25. Qf6+ Kg8 26. fxg6 Qd7 27. gxf7+ Kf8 28. fxe8Q+ Kxe8 29. Qf8# 1-0